Contact Mechanics. (Record no. 7639)

MARC details
000 -LEADER
fixed length control field 00541nam a22001937a 4500
003 - CONTROL NUMBER IDENTIFIER
control field OSt
005 - DATE AND TIME OF LATEST TRANSACTION
control field 20220121101215.0
008 - FIXED-LENGTH DATA ELEMENTS--GENERAL INFORMATION
fixed length control field 220121b ||||| |||| 00| 0 eng d
020 ## - INTERNATIONAL STANDARD BOOK NUMBER
International Standard Book Number 0521347963
040 ## - CATALOGING SOURCE
Transcribing agency DDC
082 ## - DEWEY DECIMAL CLASSIFICATION NUMBER
Classification number 531 JOH 1985
100 ## - MAIN ENTRY--PERSONAL NAME
Personal name JOHNSON,K,L;
9 (RLIN) 15626
245 ## - TITLE STATEMENT
Title Contact Mechanics.
Statement of responsibility, etc. JOHNSON,K,L;
260 ## - PUBLICATION, DISTRIBUTION, ETC. (IMPRINT)
Place of publication, distribution, etc. United kingdom.
Name of publisher, distributor, etc. Cambridge university press.
Date of publication, distribution, etc. 1985
300 ## - PHYSICAL DESCRIPTION
Extent xi,452p;
Other physical details ill,col;
Dimensions 24cms.
504 ## - BIBLIOGRAPHY, ETC. NOTE
Bibliography, etc Appendix, reference and index are included;
650 ## - SUBJECT ADDED ENTRY--TOPICAL TERM
Topical term or geographic name as entry element physics.
9 (RLIN) 809
942 ## - ADDED ENTRY ELEMENTS (KOHA)
Source of classification or shelving scheme Dewey Decimal Classification
Koha item type Open Shelf
Holdings
Withdrawn status Lost status Source of classification or shelving scheme Damaged status Not for loan Home library Current library Date acquired Source of acquisition Inventory number Total Checkouts Full call number Barcode Date last seen Price effective from Koha item type
    Dewey Decimal Classification     MUST Main Library MUST Main Library 21/01/2022 Purchase 02/17854   531 JOH 1985 2022-0087 21/01/2022 21/01/2022 Open Shelf